000 00325 a2200157 4500
001 184825
020 _a0-582-42-766-5
040 _cMagnum
100 _aEscott, John
240 1 0 _aThe missing coins
_lING
245 1 0 _aThe missing coins
300 _a
362 0 _a2000
697 _aLITERATURA INGLESA
942 _cBK
999 _c184825
_d184825